|
|
|
|
| LEADER |
00645cam a2200181 7i4500 |
| 001 |
0000001559 |
| 005 |
20181025090000.0 |
| 020 |
|
|
|a 007451573X (pbk.)
|
| 090 |
0 |
0 |
|a QA808
|b .D34 1987
|
| 100 |
1 |
|
|a Das, G
|
| 245 |
1 |
0 |
|a Fundamentals of mathematical analysis
|c G Das, S Pattanayak.
|
| 260 |
|
|
|a New Delhi:
|b Tata McGraw-Hill Publishing Company Limited,
|c 1987.
|
| 300 |
|
|
|a xi, 387 p.;
|c 23 cm.
|
| 650 |
0 |
0 |
|a Mechatronics
|
| 700 |
1 |
|
|a Pattanayak, S
|
| 997 |
|
|
|a Engineering & Life Sciences, Faculty
|b Engineering, Department
|
| 999 |
|
|
|a 0000001631
|b BOK
|c OPEN SHELF
|e 2nd Floor, Bestari Jaya
|
| 999 |
|
|
|a 0000007889
|b BOK
|c OPEN SHELF
|e 2nd Floor, Bestari Jaya
|